| 000 | 00785nam a22001937a 4500 | ||
|---|---|---|---|
| 999 |
_c175181 _d175181 |
||
| 005 | 20200814155741.0 | ||
| 010 | _aB-208941 | ||
| 020 |
_c150.00 _a- |
||
| 035 | _aB-208941 | ||
| 037 |
_bBPPD/PUB _a- |
||
| 082 | _a070.4 | ||
| 100 | _aصا لحہ عبد اللہ | ||
| 245 |
_aا ر د و صحا فت ميں ا ظہا ر و ا بلا غ کے مختلف پير ا ۓ کا تنقيد ی جا يز ہ _cصا لحہ عبد اللہ |
||
| 246 |
_bUrdu Sahafat mein Izhar-o-Iblagh ke Mukhtalif Perai Ka Tanqidi Jaiza (Urdu) _aby Saleha Abdullah |
||
| 260 |
_aDelhi _bEducational publishing House _c2006 ء |
||
| 270 |
_a3108,Vakil Street,kucha Pandit,Lal kuan, _bDelhi _e110006 _k23216162 _l- |
||
| 300 |
_a176 ص _c22 Cm(Hb) |
||
| 942 |
_2ddc _cUR _h070.4 _mص ا ل |
||